00531nam a22002057a 450000500170000001000130001702000100003003500130004003700160005304000120006908200110008110000210009224500560011326000360016927000540020530000200025965000240027965000190030370000030032220170124110109.0 aA-705483 c00.00 aA-705483 bCen Lib/Ret aDPLbEN aNbGHO aGhosh, Zulfikar  aThe triple mirror of the self /cby Zulfikar Ghosh  aNew DelhibPenguin books c1992 bNew Delhia210, Chiranjivi tower, 43 Nehru place  a343p.c19cm(Hb) aEnglish literature  aEnglish novel